000 00328 a2200145 4500
001 181574
020 _a
040 _cMagnum
100 _aBrant, Luiz Carlos
240 1 0 _aAnsiedade escolar e fobia escolar
_lpor
245 1 0 _aAnsiedade escolar e fobia escolar
362 0 _a1899
697 _aMAGNITO: GERAL
942 _cBK
999 _c181574
_d181574